00503nam a22001937a 4500001000400000003000900004005001700013007000400030008002800034020001500062040002200077100001400099245007000113260003300183300002100216490002200237700002800259830002200287085DO-SdBNP20180122133053.0085151005b1962 sp 00| 0 spa d a8470021346 aBPMSUbspacBPMSU1 aRay, Jean14aLos cuentos del whisky /cJean Ray ; traducción José Ma. Roca aBarcelona :bAcervo, c1962. a147 p. :c18 cm.1 aEl observadorv6112aRoca, José Ma.etrad. 0aEl observadorn61